Human To Animals Age Converter Quiz - Statistics

General Stats
  • This quiz has been taken 29 times
    26 since last reset
  • The average score is 16 of 20
Answer Stats
Human Age Animal Animal's Age % Correct
3 Horse 1
100%
22 Bird (Parakeet/Budgie) 2
100%
42 Ferret 3
100%
30 Cow 5
100%
1 Goat 5
100%
54 Goat 7
91%
68 Rabbit 7
91%
70 Pig 14
82%
4 Chicken 21
73%
9 Monkey 28
73%
18 Ass 32
73%
105 Donkey 35
73%
6 Dog 40
73%
16 Cow 58
73%
51 Elephant 58
73%
11 Cat 60
73%
29 Hippo 66
73%
10 Kangaroo 88
73%
56 Bear 99
73%
9 Fox 51
64%
No matching quizzes found
Score Distribution
Percent of People with Each Score
Percentile by Number Answered
Your Score History
You have not taken this quiz since the last reset